Retrouvez les 50 pays les plus riches - Statistiques

Statistiques générales
  • Ce quiz a été pris 49 fois
  • Le résultat moyen est 39 sur 50
Statistiques - réponses
Classement PIB (en milliars de dollards/an) en 2018 Pays Localisation % Correct
1 20 494,05 États-Unis Pays d'Amérique
97%
dix 1 711,39 Canada Pays d'Amérique
95%
2 13 407,40 Chine Pays d'Asie
95%
3 4 971,93 Japon Pays d'Asie
92%
6 2 775,25 France Pays d'Europe
92%
4 4 000,39 Allemagne Pays d'Europe
90%
13 1 425,87 Espagne Pays d'Europe
90%
7 2 716,75 Inde Pays d'Asie
90%
14 1 418,28 Australie Pays d'Océanie
87%
49 238,51 Portugal Pays d'Europe
87%
8 2 072,20 Italie Pays d'Europe
87%
11 1 630,66 Russie Pays d'Europe
87%
20 703,75 Suisse Pays d'Europe
87%
15 1 223,36 Mexique Pays d'Amérique
87%
9 1 868,18 Brésil Pays d'Amérique
85%
5 2 828,64 Royaume-Uni Pays d'Europe
85%
24 533,15 Belgique Pays d'Europe
82%
45 249,56 Egypte Pays d'Afrique
82%
27 457,64 Autriche Pays d'Europe
82%
29 434,94 Norvège Pays d'Europe
82%
17 912,90 Pays Bas Pays d'Europe
82%
22 586,02 Pologne Pays d'Europe
82%
25 518,09 Argentine Pays d'Amérique
79%
42 298,17 Chili Pays d'Amérique
79%
12 1 619,42 Corée du Sud Pays d'Asie
79%
19 766,43 Turquie Pays d'Europe
79%
28 452,28 Iran Pays d'Asie
77%
34 368,14 Afrique du Sud Pays d'Afrique
77%
38 350,87 Danemark Pays d'Europe
77%
16 1 022,45 Indonésie Pays d'Asie
77%
23 551,14 Suède Pays d'Europe
77%
32 372,70 Irlande Pays d'Europe
74%
21 589,39 Taïwan Pays d'Asie
74%
47 241,27 Viêt Nam Pays d'Asie
74%
39 333,11 Colombie Pays d'Amérique
72%
18 782,48 Arabie Saoudite Pays d'Asie
72%
48 239,85 Roumanie Pays d'Europe
72%
26 487,24 Thaïlande Pays d'Asie
72%
41 312,57 Pakistan Pays d'Asie
72%
44 275,32 Finlande Pays d'Europe
69%
30 424,64 Émirats arabes unis Pays d'Asie
67%
37 354,35 Malaisie Pays d'Asie
67%
36 361,11 Singapour Pays d'Asie
67%
46 242,05 République tchèque Pays d'Europe
67%
33 369,84 Israël Pays d'Asie
67%
43 287,63 Bangladesh Pays d'Asie
64%
31 397,27 Nigeria Pays dAfrique
64%
40 330,85 Philippines Pays d'Asie
62%
50 226,07 Irak Pays d'Asie
59%
35 363,03 Hong Kong Pays d'Asie (région)
36%
Aucun quiz correspondant
Distribution des résultats
% des personnes avec chaque résultat
Percentile par nombre de réponses
Votre historique - résultats
Vous n’avez pas pris ce quiz